Online Catalogue and eLibrary

Aliens to the sermon / (Record no. 289)

MARC details
000 -LEADER
fixed length control field 00427cam a22001697a 4500
001 - CONTROL NUMBER
control field 2803779
005 - DATE AND TIME OF LATEST TRANSACTION
control field 20240205235947.0
008 - FIXED-LENGTH DATA ELEMENTS--GENERAL INFORMATION
fixed length control field 820519s1981 ce 000 0 eng
040 ## - CATALOGING SOURCE (பட்டியலாக்க மூலம்)
Original cataloging agency DLC
Transcribing agency DLC
Modifying agency DLC
082 ## - DDC Classification
DDC Edition Number 22
Class No. 306
Item Number - Author Mark WEE.
100 1# - MAIN ENTRY--PERSONAL NAME
Personal name Weerasinghe, R. M.
245 10 - TITLE STATEMENT
Title Aliens to the sermon /
Statement of responsibility, etc. by R.M. Weerasinghe.
250 ## - EDITION STATEMENT
Edition statement 1st ed.
260 ## - PUBLICATION, DISTRIBUTION, ETC.
Place of publication, distribution, etc. Colombo :
Name of publisher, distributor, etc. Gunasena,
Date of publication, distribution, etc. 1981.
300 ## - PHYSICAL DESCRIPTION
Extent (e.g. Volumes, Pages etc.) xvii, 229 p. ;
942 ## - Koha item type (Biblio)
Koha item type Books in Stacks (Lending)
Holdings
Lost status Damaged status Collection code Home library Current library Date acquired Full call number Accession Number Item type
    Lending WERC Library WERC Library 02/06/2024 306 WEE. 197 Books in Stacks (Lending)

© WERC Library